Trí tuệ cảm xúc : Ứng dụng trong công việc = Working with emotional intelligence
Sách nói về cảm xúc trong khả năng giao tiếp xã hội, làm chủ bản thân, tự kiểm soát cảm xúc và trí tuệ cảm xúc trong tổ chức, ...
Enregistré dans:
| Auteur principal: | |
|---|---|
| Format: | Livre |
| Langue: | Vietnamese |
| Publié: |
H.
Lao động - Xã hội
2017
|
| Édition: | Tái bản lần thứ 2 |
| Sujets: | |
| Tags: |
Ajouter un tag
Pas de tags, Soyez le premier à ajouter un tag!
|
| Thư viện lưu trữ: | Thư viện Trường Đại học Nam Cần Thơ |
|---|
| LEADER | 01215nam a22002177a 4500 | ||
|---|---|---|---|
| 001 | NCT_64424 | ||
| 008 | 190513b xxu||||| |||| 00| 0 vie d | ||
| 999 | |c 3118 |d 3118 | ||
| 020 | |a 9786046532958 |c 139000 | ||
| 082 | 0 | 4 | |2 23rd ed. |a 658.409019 |b G625 |
| 100 | 1 | |a Goleman, Daniel | |
| 245 | 1 | 0 | |a Trí tuệ cảm xúc |b : Ứng dụng trong công việc = Working with emotional intelligence |c Daniel Goleman ; Nhiều dịch giả |
| 250 | |a Tái bản lần thứ 2 | ||
| 260 | |a H. |b Lao động - Xã hội |c 2017 | ||
| 300 | |a 384 tr. |c 21cm | ||
| 520 | 3 | |a Sách nói về cảm xúc trong khả năng giao tiếp xã hội, làm chủ bản thân, tự kiểm soát cảm xúc và trí tuệ cảm xúc trong tổ chức, ... | |
| 653 | |a Sách tham khảo | ||
| 942 | |2 ddc |c BK | ||
| 952 | |0 0 |1 0 |2 ddc |4 0 |6 658_409019000000000_G625 |7 0 |9 16861 |a 000001 |b 000001 |d 2019-05-13 |o 658.409019 G625 |p TK.01409 |r 2019-05-13 |v 139000.00 |w 2019-05-13 |y BK | ||
| 952 | |0 0 |1 0 |2 ddc |4 0 |6 658_409019000000000_G625 |7 0 |9 16862 |a 000001 |b 000001 |d 2019-05-13 |l 1 |o 658.409019 G625 |p TK.01410 |r 2019-11-21 |s 2019-11-18 |v 139000.00 |w 2019-05-13 |y BK | ||
| 980 | |a Thư viện Trường Đại học Nam Cần Thơ | ||


